|
|
|
|
| LEADER |
01160nam a22002051a 4500 |
| 001 |
c000182909 |
| 003 |
CARM |
| 005 |
20001207120853.0 |
| 008 |
001207s1966 ru c 000 0crus d |
| 019 |
1 |
|
|a 22094168
|5 LACONCORD2021
|
| 035 |
|
|
|a (OCoLC)15601841
|5 LACONCORD2021
|
| 040 |
|
|
|a CStRLIN
|b eng
|d ANL
|
| 245 |
0 |
0 |
|a Dela i dumy :
|b shestnadëtìsat?p ?spisateleæi rasskazyvaëiìut o nashikh sovremennikakh /
|c [sostavitel?p ?sO. Kurganov].
|
| 260 |
|
|
|a Moskva :
|b Soveskiæi pisatel?p,?s
|c 1966.
|
| 300 |
|
|
|a 453 p. :
|b ports. ;
|c 21 cm.
|
| 505 |
0 |
|
|a Leonid Leonov. -- Georgiæi Ostroumov. -- D.Danin. -- Evgeniæi Rëiìabchikov. -- Anatoliæi Agranovskiæi. -- Efim Dorosh. -- Evgeniæi Kriger. -- N. Mel?pn?sikov. -- Vladimir Popov. -- Iosif Osipov. -- Oskar Kurganov. -- Il?p?︠siìa Zverev. -- Georgiæi Radov. -- Artem Anfinogenov. -- Vladimir Kurochkin. -- ëIìUriæi Rytov.
|
| 700 |
1 |
|
|a Kurganov, Oskar Ieremeevich.
|
| 852 |
8 |
|
|b CARM
|h A2:AI06B0
|i B04641
|p 0207550
|f BK
|
| 999 |
f |
f |
|i 9c404bb9-0192-5b81-91f2-698fd12b8d21
|s cb4370e1-e90d-5013-8570-703990bfb6ab
|
| 952 |
f |
f |
|p Can circulate
|a CAVAL
|b CAVAL
|c CAVAL
|d CARM 1 Store
|e B04641
|f A2:AI06B0
|h Other scheme
|i book
|m 0207550
|